00935cam a22002411 4500001001300000003000400013005001700017007001500034008004100049010001700090035001900107040004200126042001200168050002200180110003500202245006400237260006200301300003300363500013000396530006900526610004700595856005100642e 10002178 DLC20260227111154.0cr_|||||||||||791022s1890 kyu 000 0 eng c ae 10002178  a(OCoLC)5573645 aU.S. Off. of educ. LibrarycKyDCdDLC apremarc00aLD881b.D41f 18902 aCentre College (Danville, Ky.)10aGeneral catalogue of the Centre college of Kentucky.b1890. aDanville,bThe Kentucky advocate printing company,c1890. a260, 55 p.bports.c23.5 cm. aInaugural ceremonies, October 9th, 1889 ... Danville, Kentucky advocate steam print, 1889, with separate t.-p.: 55 p. at end. aAlso available in digital form on the Internet Archive Web site.20aCentre College (Danville, Ky.)xRegisters.41uhttp://hdl.loc.gov/loc.gdc/scd0001.00299143867